Catalog

Record Details

Catalog Search



Available copies

  • 1 of 1 copy available at LARL/NWRL Consortium.

Current holds

0 current holds with 1 total copy.

Show All Copies
Location Call Number / Copy Notes Barcode Shelving Location Status Due Date
Roseau Public Library ROD (Text) 35500006623837 Main Available -

Record details

  • Physical Description: 259 pages ; 22 cm.
  • Publisher: New York : Guideposts, [2017]

Content descriptions

Summary, etc.:
"Elaine Cooke and Jan Blake are delighted to ... Read More
Subject: Cousins > Fiction.
Tearooms > Fiction.
Mothers and daughters > Fiction.
Genre: Detective and mystery fiction.
LDR 01816cam a2200289Ki 4500
001403736
003LARL_NWRL_CONSORTIUM
00520221117193144.0
008171207t20172017nyu 000 1 eng d
035 . ‡a(OCoLC)1014191440
040 . ‡aCLE ‡beng ‡erda ‡cCLE ‡dOCLCF ‡dSO$
1001 . ‡aRodgers, Anne Marie, ‡eauthor. ‡0(LARL_NWRL_CONSORTIUM)199358
24510. ‡aWhispers from the past / ‡cAnne Marie Rodgers.
264 1. ‡aNew York : ‡bGuideposts, ‡c[2017]
264 4. ‡c℗♭2017.
300 . ‡a259 pages ; ‡c22 cm.
336 . ‡atext ‡btxt ‡2rdacontent.
337 . ‡aunmediated ‡bn ‡2rdamedia.
338 . ‡avolume ‡bnc ‡2rdacarrier.
4900 . ‡aTearoom mysteries ; ‡v16
520 . ‡a"Elaine Cooke and Jan Blake are delighted to attend a mother-daughter retreat at a beautiful old hotel in nearby Penzance. It's a reunion of sorts for Elaine's mom, Virginia, and members of a longtime service guild that she joined in high school. The retreat becomes a family affair when Elaine's daughter, Sasha, also attends. But as is often the case with the intrepid cousins, mystery follows! When Virginia returns to her room, following dinner, she finds a 'gift' and a cryptic note on her pillow. Some other attendees received similar unsettling surprises. Who entered the guest rooms and left these sinister little items? And what secret do the recipients share? Working behind the scenes of the camaraderie and conversation, Elaine and Jan race to solve the mystery before the weekend is ruined. Meanwhile, Archie Bentham uncovers new information about his father that completes the story of the painting's journey from England to Maine" -- Page [4] of cover.
650 0. ‡aCousins ‡vFiction. ‡0(LARL_NWRL_CONSORTIUM)164249
650 0. ‡aTearooms ‡vFiction. ‡0(LARL_NWRL_CONSORTIUM)175433
650 0. ‡aMothers and daughters ‡vFiction. ‡0(LARL_NWRL_CONSORTIUM)166030
655 7. ‡aDetective and mystery fiction. ‡2lcgft.
901 . ‡a403736 ‡b ‡c403736 ‡tbiblio

Additional Resources